عمان ونهضتها الحديثة / (Record no. 25867)
[ view plain ]
| 000 -الفاتح | |
|---|---|
| حقل البيانات ثابتة الطول | 01640nam a2200361 i 4500 |
| 003 - محدد رقم الضبط | |
| رقم الضبط | EG-ScBUE |
| 005 - وقت وتاريخ اخر تعامل مع التسجيلة | |
| رقم الضبط | 20240716121924.0 |
| 008 - عناصر البيانات ثابتة الطول - معلومات عامة | |
| حقل البيانات ثابتة الطول | 180104s1976 enkbdo f b 001 0 ara d |
| 040 ## - مصدر الفهرسة | |
| وكالة الفهرسة الأصلية | EG-ScBUE |
| لغة الفهرسة | ara |
| قواعد الوصف | rda |
| وكالة النسخ | EG-ScBUE |
| وكالة التعديل | EG-ScBUE |
| 041 1# - رمز اللغة | |
| رمز لغة النص/ المسارات الصوتية أو العنوان الانفرادي | ara |
| رمز لغة الترجمات و/او الاصلية المتوسطة للنص | eng |
| 043 ## - رمز المنطقة الجغرافية | |
| رمز المنطقة الجغرافية | a-mk--- |
| 082 04 - رقم تصنيف ديوى العشرى | |
| رقم التصنيف | 953.53 |
| رقم المادة | هـ و ل |
| رقم الطبعة | 22 |
| 100 1# - المدخل الرئيسى - إسم شخصى | |
| الإسم الشخصى | هولي، دونالد، |
| الدور | مؤلف. |
| 245 10 - بيان العنوان | |
| العنوان | عمان ونهضتها الحديثة / |
| بيان المسئوليه,etc | دونالد هولي ؛ ترجمة فؤاد حداد، عادل صلاحي ؛ تحرير وتحقيق محمد بيبي. |
| 264 #1 - النشر، التوزيع | |
| مكان الناشر او الموزع | لندن : |
| اسم الناشر او الموزع | مؤسسة ستايسي الدولية، |
| تاريخ النشر أو التوزيع | 1976. |
| 300 ## - الوصف المادى | |
| التعداد | 256 صفحة : |
| تفاصيل ماديه اخرى للوعاء | أشكال بيانية، خرائط، صور ملونة ؛ |
| أبعاد الوعاء | 30 سم |
| 336 ## - نوع المحتوى | |
| source | rdacontent |
| Carrier Type Term | نص |
| Content Type Code | txt |
| 337 ## - نوع الوسيط | |
| Media Type Term | بدون وسيط |
| source | rdamedia |
| Media Type Code | n |
| 338 ## - نوع الحامل أو الناقل | |
| Carrier Type Term | مجلد |
| Carrier Type Code | nc |
| source | rdacarrier |
| 500 ## - تبصرة عامة | |
| تبصرة عامة | يشتمل على قائمة بالأخطاء اللغوية.. |
| 504 ## - تبصرة ببليوجرافية | |
| تبصرة ببليوجرافية,الخ | يشتمل على إرجاعات ببليوجرافية وكشافات. |
| 541 ## - تبصرة المصدر المباشر للتزويد | |
| مصدر التزويد | أ. علاءعبد الغني ؛ |
| طريقة التزويد | إهداء ؛ |
| 546 ## - تبصرة اللغة | |
| تبصرة اللغة | النص باللغة العربية وقد تم ترجمته من اللغة الإنجليزية. |
| 650 ## - المدخل الاضافى بالموضوع-مصطلح موضوعى | |
| مصدر الرأس أو المصطلح | BUEsh |
| 651 #7 - المدخل الاضافى بالموضوع - اسم جغرافى | |
| الاسم الجغرافي | عمان (سلطنة) |
| التقسيم الفرعي العام | تاريخ |
| التقسيم الفرعي الجغرافي | قابوس بن سعيد، 1970- |
| مصدر الرأس أو المصطلح | BUEsh |
| 651 #7 - المدخل الاضافى بالموضوع - اسم جغرافى | |
| الاسم الجغرافي | عمان (سلطنة) |
| التقسيم الفرعي العام | تاريخ |
| التقسيم الفرعي الجغرافي | قرن 20. |
| مصدر الرأس أو المصطلح | BUEsh |
| 653 ## - مصطلح تكشيفى غير مقيد | |
| Resource For college | Generalities |
| -- | BAEPS, Political Science |
| Arrived date list | January2018 |
| 655 ## - مصطلح تكشيفى-نوع/شكل | |
| التقسيم الفرعي الشكلي | Reading book |
| 700 1# - المدخل الاضافى - اسم شخصى | |
| الإسم الشخصى | حداد، فؤاد، |
| الدور | مترجم. |
| 9 (RLIN) | 8019 |
| 700 1# - المدخل الاضافى - اسم شخصى | |
| الإسم الشخصى | صلاحي، عادل، |
| الدور | مترجم. |
| 700 1# - المدخل الاضافى - اسم شخصى | |
| الإسم الشخصى | بيبي، محمد، |
| الدور | محرر، |
| -- | محقق. |
| 942 ## - عناصر المدخل الإضافي( كوها) | |
| مصدر التصنيف او مخطط الترفيف | Dewey Decimal Classification |
| حالة التراجع | حالة الفقد | مصدر التصنيف او خطة الترفيف | حالة تلف | ليس للاعارة | مجموعات كوها | المكان الدائم | المكان الحالي | موقع الترفيف | تاريخ الاكتساب | Source of acquisition | رقم الاستدعاء | الباركود | Date last seen | نوع الوعاء | تبصرة عامة |
|---|---|---|---|---|---|---|---|---|---|---|---|---|---|---|---|
| Dewey Decimal Classification | Donation-Gift | Central Library | Central Library | Second Floor | 04/01/2018 | Donation | 953.53 هـ و ل | 000042784 | 15/07/2025 | Book - Borrowing | إهداء من أ. علاء عبد الغني |